000 00433nam a2200181Ia 4500
001 15503
005 20260306170201.0
008 260306t2012||||xx |||||||||||||| ||und||
041 _aESP
082 _a541.36
_bR28
100 _aRavagnani, Mauro A. S. S.
_eAUT
245 0 _aRedes de cambiadores de calor
260 _c2012
300 _a423 páginas :
_c24 cm.
650 _aGEN
654 _aCCN
942 _cLIB
_dJUS
_fJUS
_2ddc
_n
999 _c15503
_d15503